Science Quiz

Random Science or Letter Quiz

S-P-O-R-C-L-E Flora Images Quiz Stats

 Plays Quiz Updated Oct 9, 2016

Challenge
Share
Tweet
Score 0/21 Timer 04:00
0 Plays Today
% Correct
strawberry
97.5%
carrot
97.3%
orange
97.2%
lemon
96.7%
pineapple
96.5%
sunflower
96.2%
rose
95.1%
cherry
94.9%
raspberry
94.5%
radish
91.9%
spinach
89.8%
% Correct
leek
85.9%
orchid
78.4%
parsnip
76.8%
lily
74.8%
okra
70.6%
carnation
70%
poppy
67.7%
elderberry
61.8%
endive
51.6%
edelweiss
25.1%

You're not logged in!

Compare scores with friends on all Sporcle quizzes.
OR
Log In

You Might Also Like...

Show Comments

Extras

Top Quizzes Today


Score Distribution

Your Account Isn't Verified!

In order to create a playlist on Sporcle, you need to verify the email address you used during registration. Go to your Sporcle Settings to finish the process.

Report this User

Report this user for behavior that violates our Community Guidelines.

Details: